| 000 | 00868nam a2200313 ? 4500 | ||
|---|---|---|---|
| 001 | 60218 | ||
| 003 | CO-BoRNBP | ||
| 005 | 20251216160949.0 | ||
| 007 | ta | ||
| 008 | 900510s1989 sp r 00110 spa d | ||
| 020 | _a8437237084 | ||
| 040 |
_ala _cla |
||
| 041 | 1 |
_aspa _heng |
|
| 082 | 0 | 4 |
_aI582.16 _bB87a |
| 100 | 1 |
_aBurnie, David, _d1955- _968065 |
|
| 245 | 1 | 3 |
_aEl árbol / _cDavid Burnie ; traducido por Catherine Tussy. |
| 250 | _a1a. edición | ||
| 300 |
_a63 p. : _bil. ; _c24 cm. |
||
| 336 |
_2rdacontent _atexto _btxt |
||
| 337 |
_2rdamedia _asin mediación _bn |
||
| 338 |
_2rdacarrier _avolumen _bnc |
||
| 500 | _aIncluye índice. | ||
| 534 | _tTree. | ||
| 650 | 7 |
_aArboles. _2BLAAUTO _942172 |
|
| 650 | 7 |
_aArboles _x Enseñanza primaria. _2BLAAUTO _968066 |
|
| 700 | 1 |
_aTussy, Catherine, _etr. _968067 |
|
| 942 |
_2ddc _cBK |
||
| 949 |
_an _bn |
||
| 999 |
_c60218 _d60218 |
||